00359nam a2200133Ia 4500008004100000041000800041082001700049100001900066245003100085260005600116300000800172365001600180700002900196230718s9999 xx 000 0 und d aeng a621.381bCHO aChoudhury D.R. aLinear Integrated Circuits c1991bNew Age International (P) Limited, Publishers a421 cRs.b155.00 aChoudhury D.R. & Jain S.